<?xml version="1.0" encoding="UTF-8"?>
<record
    xmlns:xsi="http://www.w3.org/2001/XMLSchema-instance"
    xsi:schemaLocation="http://www.loc.gov/MARC21/slim http://www.loc.gov/standards/marcxml/schema/MARC21slim.xsd"
    xmlns="http://www.loc.gov/MARC21/slim">

  <leader>02127nam a2200265 a 4500</leader>
  <controlfield tag="001">000003113</controlfield>
  <controlfield tag="005">20200929150331.0</controlfield>
  <controlfield tag="008">710329s1971    ag            001 0 spa  </controlfield>
  <datafield tag="040" ind1=" " ind2=" ">
    <subfield code="a">DO-SdBNP</subfield>
    <subfield code="b">spa</subfield>
    <subfield code="c">BNPHU</subfield>
  </datafield>
  <datafield tag="041" ind1="1" ind2="7">
    <subfield code="a">spa</subfield>
    <subfield code="h">eng</subfield>
    <subfield code="2">C&#xF3;digo de idiomas MARC</subfield>
  </datafield>
  <datafield tag="082" ind1=" " ind2=" ">
    <subfield code="a">810.54</subfield>
    <subfield code="a">L438c</subfield>
  </datafield>
  <datafield tag="240" ind1="0" ind2="0">
    <subfield code="a">Criticism some major American writers.</subfield>
    <subfield code="l">Espa&#xF1;ol</subfield>
  </datafield>
  <datafield tag="245" ind1="0" ind2="0">
    <subfield code="a">Cr&#xED;tica sobre los mejores escritores Norteamericanos /</subfield>
    <subfield code="c">selecci&#xF3;n de Lewis Leary; traducci&#xF3;n de Floreal Maz&#xED;a.</subfield>
  </datafield>
  <datafield tag="260" ind1=" " ind2=" ">
    <subfield code="a">Buenos Aires :</subfield>
    <subfield code="b">Asociados,</subfield>
    <subfield code="c">1971.</subfield>
  </datafield>
  <datafield tag="300" ind1=" " ind2=" ">
    <subfield code="a">436 p. ;</subfield>
    <subfield code="c">20 cm.</subfield>
  </datafield>
  <datafield tag="490" ind1="1" ind2=" ">
    <subfield code="a">Dorada D</subfield>
    <subfield code="v">no. 1200</subfield>
  </datafield>
  <datafield tag="504" ind1=" " ind2=" ">
    <subfield code="a">Incluye notas al pie de las p&#xE1;ginas</subfield>
  </datafield>
  <datafield tag="505" ind1="0" ind2=" ">
    <subfield code="a">An introduction: somewhat personal, by L. Leary.--Introduction to Poe, by R. Wilbur.--The unconquered eye and the enchanted circle, by T. Tanner.--Thoreau, by F. O. Matthiessen.--Hawthorne's fiction: the light and the dark, by R. H. Fogle.--Moby-Dick: work of art, by W. E. Bezanson.--Walt Whitman: he had his nerve, by R. Jarrell.--Seeing New Englandly: from Edwards to Emerson to Dickinson, by A. J. Gelpi.--Henry James and the morality of fiction, by R. J. Reilly.--Southwestern vernacular, by J. M. Cox.--William Dean Howells and the roots of modern taste, by L. Trilling.--Outstripping the event, by L. Ziff.--Theodore Dreiser: his education and ours, by A. Kazin.--T. S. Eliot's magic, lantern, by L. Unger.--Robert Frost's theory of poetry, by L. Thompson.--The function of nostalgia, by W. Morris.--The hero and the code, by P. Young.--Introduction to ... Faulkner, by M. Cowley.--The greatest living author, by K. Shapiro.--Richard Wright's blues, by R. Ellison.--Ralph Ellison and the American comic tradition, by E. H. Rovit.--Saul Bellow, by L. A. Fiedler.--The Black boy looks at the White boy, by J. Baldwin.--Black boys and native sons, by I. Howe.</subfield>
  </datafield>
  <datafield tag="534" ind1=" " ind2=" ">
    <subfield code="a">T&#xED;tulo original :</subfield>
    <subfield code="t">Criticism some major American writers.</subfield>
  </datafield>
  <datafield tag="650" ind1=" " ind2="4">
    <subfield code="a">Literatura am&#xE9;ricana</subfield>
    <subfield code="x">Historia y cr&#xED;tica</subfield>
    <subfield code="9">8833</subfield>
  </datafield>
  <datafield tag="700" ind1="1" ind2=" ">
    <subfield code="a">Leary, Lewis</subfield>
    <subfield code="9">9796</subfield>
  </datafield>
  <datafield tag="700" ind1="1" ind2=" ">
    <subfield code="a">Maz&#xED;a, Floreal</subfield>
    <subfield code="e">tr.</subfield>
    <subfield code="9">9797</subfield>
  </datafield>
  <datafield tag="830" ind1=" " ind2="0">
    <subfield code="a">Dorada D ;</subfield>
    <subfield code="v">no. 1200</subfield>
    <subfield code="9">9798</subfield>
  </datafield>
  <datafield tag="910" ind1=" " ind2=" ">
    <subfield code="a">Catalogaci&#xF3;n original noche</subfield>
  </datafield>
  <datafield tag="952" ind1=" " ind2=" ">
    <subfield code="0">0</subfield>
    <subfield code="1">0</subfield>
    <subfield code="5">2</subfield>
    <subfield code="7">0</subfield>
    <subfield code="8">MO</subfield>
    <subfield code="a">GR</subfield>
    <subfield code="b">GR</subfield>
    <subfield code="c">CT</subfield>
    <subfield code="d">2009-07-06</subfield>
    <subfield code="i">LF1</subfield>
    <subfield code="l">0</subfield>
    <subfield code="o">810.54 L438c </subfield>
    <subfield code="p">3113-10</subfield>
    <subfield code="r">2020-06-25</subfield>
    <subfield code="w">2020-06-25</subfield>
    <subfield code="y">2</subfield>
    <subfield code="Z">Pr&#xE9;stamo interno</subfield>
  </datafield>
  <datafield tag="999" ind1=" " ind2=" ">
    <subfield code="c">2944</subfield>
    <subfield code="d">2944</subfield>
  </datafield>
</record>
